Parameters synthesis of spacecrafts orientation systems executive units as a multivariable systems; Korus 99; The 3th Russia-Korean International Symposium on Science and Technology; Vol. 1: Proceedings

Dettagli Bibliografici
Parent link:Korus 99.— , 1999
The 3th Russia-Korean International Symposium on Science and Technology: June 22-25, 1999, Tomsk/ Tomsk Polytechnic University (TPU) ; Novosibirsk State Technical University
Vol. 1: Proceedings.— 1999.— P. 343-346
Altri autori: Dmitriev V. S. Viktor Stepanovich, Gladyshev G. N., Kostuchenko T. G., Vorotnikov A. S.
Lingua:inglese
Pubblicazione: 1999
Soggetti:
Natura: MixedMaterials Capitolo di libro
KOHA link:https://koha.lib.tpu.ru/cgi-bin/koha/opac-detail.pl?biblionumber=227509

MARC

LEADER 00000naa2a2200000 4500
001 227509
005 20231031201344.0
035 |a (RuTPU)RU\TPU\book\247940 
035 |a RU\TPU\book\247345 
090 |a 227509 
100 |a 20121207d1999 k y0engy50 ba 
101 0 |a eng 
102 |a RU 
200 1 |a Parameters synthesis of spacecrafts orientation systems executive units as a multivariable systems  |f V. S. Dmitriev [et al.] 
461 1 |0 (RuTPU)RU\TPU\book\181596  |t Korus 99  |d 1999 
461 |t The 3th Russia-Korean International Symposium on Science and Technology  |o June 22-25, 1999, Tomsk  |f Tomsk Polytechnic University (TPU) ; Novosibirsk State Technical University 
463 1 |0 (RuTPU)RU\TPU\book\10962  |t Vol. 1: Proceedings  |v P. 343-346  |d 1999  |p 389 p. 
610 1 |a труды учёных ТПУ 
701 1 |a Dmitriev  |b V. S.  |c Professor, Head of department of exact instrumentation at Tomsk Polytechnic University (TPU)  |c D. Sc. in engineering  |f 1940-  |g Viktor Stepanovich  |2 stltpush  |3 (RuTPU)RU\TPU\pers\26422 
701 1 |a Gladyshev  |b G. N. 
701 1 |a Kostuchenko  |b T. G. 
701 1 |a Vorotnikov  |b A. S. 
801 1 |a RU  |b 63413507  |c 20121129 
801 2 |a RU  |b 63413507  |c 20160226  |g RCR 
942 |c BK